000 00245nam a22001097a 4500
082 _a891.4391 MUH'A
100 _aMUHAMMAD ABNUL HASAN
_975489
245 _aAABGINA
260 _aPESHAWAR
_bIDERA-ALIM0O-FUN
_c1982
300 _a112P
942 _cBK
999 _c580893
_d580893